| 000 | 00968nam a22002177a 4500 | ||
|---|---|---|---|
| 005 | 20120127101021.0 | ||
| 010 | _a | ||
| 020 |
_c295.00 _a8170557232 |
||
| 035 | _aB-32589 | ||
| 035 | _aB-32585 | ||
| 037 |
_b _adpl |
||
| 082 | _a004.21 | ||
| 100 |
_aबन्सल, राम _940222 |
||
| 245 | 1 |
_aकम्प्यूटरी सूचना प्रणाली विकास _cराम बन्सल |
|
| 260 |
_aनई दिल्ली _bवाणी प्रकाशन _c2000 |
||
| 270 |
_a _b _e _k |
||
| 300 |
_a284पृ. _c24सेमी (सजिल्द) |
||
| 942 |
_adpl _cHN _k _2ddc _h004.21 _mबन्सल |
||
| 999 |
_c61529 _d61529 |
||